<?xml version="1.0" encoding="UTF-8"?>
<record
    xmlns:xsi="http://www.w3.org/2001/XMLSchema-instance"
    xsi:schemaLocation="http://www.loc.gov/MARC21/slim http://www.loc.gov/standards/marcxml/schema/MARC21slim.xsd"
    xmlns="http://www.loc.gov/MARC21/slim">

  <leader>02211nam a2200205Ia 4500</leader>
  <controlfield tag="003">OSt</controlfield>
  <controlfield tag="005">20250612110146.0</controlfield>
  <controlfield tag="008">210210b1975   xxu||||| |||| 00| 0 eng d</controlfield>
  <datafield tag="040" ind1=" " ind2=" ">
    <subfield code="c">AL</subfield>
  </datafield>
  <datafield tag="041" ind1=" " ind2=" ">
    <subfield code="a">Kannada</subfield>
  </datafield>
  <datafield tag="082" ind1=" " ind2=" ">
    <subfield code="a">K894.1 KESG</subfield>
  </datafield>
  <datafield tag="100" ind1=" " ind2=" ">
    <subfield code="a">KESHAVA BHATTA (T)</subfield>
    <subfield code="d">&#xC95;&#xCC7;&#xCB6;&#xCB5; &#xCAD;&#xC9F;&#xCCD;&#xC9F; (&#xC9F;&#xCBF;) </subfield>
    <subfield code="9">214129</subfield>
  </datafield>
  <datafield tag="245" ind1=" " ind2=" ">
    <subfield code="a">Govina kate hadu</subfield>
    <subfield code="b">&#xC97;&#xCCB;&#xCB5;&#xCBF;&#xCA8; &#xC95;&#xCA4;&#xCC6; &#xCB9;&#xCBE;&#xCA1;&#xCC1; </subfield>
  </datafield>
  <datafield tag="260" ind1=" " ind2=" ">
    <subfield code="a">Bengaluru</subfield>
    <subfield code="b">Chira Sahitya Prakashana</subfield>
    <subfield code="c">1975</subfield>
  </datafield>
  <datafield tag="300" ind1=" " ind2=" ">
    <subfield code="a">viii,56</subfield>
  </datafield>
  <datafield tag="520" ind1=" " ind2=" ">
    <subfield code="a">&#x2019;&#xC97;&#xCCB;&#xCB5;&#xCBF;&#xCA8; &#xC95;&#xCA5;&#xCC6; &#xCB9;&#xCBE;&#xCA1;&#xCC1; &#x2019;&#xC8E;&#xC82;&#xCAC; &#xCAA;&#xCC1;&#xCB8;&#xCCD;&#xCA4;&#xC95;&#xCB5;&#xCC1; &#xC9F;&#xCBF;.&#xC95;&#xCC7;&#xCB6;&#xCB5; &#xCAD;&#xC9F;&#xCCD;&#xC9F; &#xC85;&#xCB5;&#xCB0; &#xCB8;&#xC82;&#xCAA;&#xCBE;&#xCA6;&#xCBF;&#xCA4; &#xC95;&#xCC3;&#xCA4;&#xCBF;&#xCAF;&#xCBE;&#xC97;&#xCBF;&#xCA6;&#xCC6;. &#xC88; &#xC95;&#xCC3;&#xCA4;&#xCBF;&#xCAF;&#xCB2;&#xCCD;&#xCB2;&#xCBF; &#xCA8;&#xCAE;&#xCCD;&#xCAE; &#xCA8;&#xCBE;&#xCA1; &#xC8E;&#xCB2;&#xCCD;&#xCB2; &#xC9C;&#xCA8;&#xCB0; &#xCAE;&#xCC6;&#xC9A;&#xCCD;&#xC9A;&#xCBF;&#xC97;&#xCC6;&#xCAF; &#xCB9;&#xCBE;&#xCA1;&#xCBF;&#xCA6;&#xCC1;. &#xC87;&#xCA6;&#xCB0;&#xCB2;&#xCCD;&#xCB2;&#xCBF; &#xCAC;&#xCB0;&#xCC1;&#xCB5; &#xCA4;&#xCA4;&#xCCD;&#xCA4;&#xCCD;&#xCB5; &#xCA8;&#xCAE;&#xCCD;&#xCAE; &#xCB9;&#xCBF;&#xCB0;&#xCBF;&#xCAF;&#xCB0;&#xCC1; &#xCAC;&#xCBE;&#xCB3;&#xCBF;&#xCA6; &#xCB8;&#xC82;&#xCB8;&#xCCD;&#xC95;&#xCC3;&#xCA4;&#xCBF; &#xCA8;&#xCBF;&#xCB7;&#xCCD;&#xCA0; &#xC9C;&#xCC0;&#xCB5;&#xCA8;&#xCA6; &#xCB8;&#xCBE;&#xCB0;, &#xC87;&#xCA6;&#xCB0; &#xCB5;&#xCB8;&#xCCD;&#xCA4;&#xCC1; &#xCAA;&#xCC1;&#xCA3;&#xCCD;&#xCAF;&#xC95;&#xCCB;&#xC9F;&#xCBF; &#xC8E;&#xC82;&#xCAC; &#xCA6;&#xCA8;&#xCA6; &#xC95;&#xCA5;&#xCC6;, &#xC88; &#xCA6;&#xCA8;&#xCA6; &#xCA8;&#xCA1;&#xCC6;&#xCB3;&#xCC6;&#xCAF; &#xCAE;&#xCC2;&#xCB2;&#xC95; &#xCAA;&#xCA4;&#xCCD;&#xCB0; &#xCB5;&#xCBE;&#xCA4;&#xCCD;&#xCB8;&#xCB2;&#xCCD;&#xCAF;, &#xCAC;&#xC82;&#xCA6;&#xCC1;&#xCB5;&#xCC1;. &#xC92;&#xCA1;&#xCC6;&#xCAF;&#xCA8;&#xCB2;&#xCCD;&#xCB2;&#xCBF; &#xC97;&#xCCC;&#xCB0;&#xCB5;&#xC97;&#xCB3;&#xCB2;&#xCCD;&#xCB2;&#xCA6;&#xCC6; &#xCB8;&#xCA4;&#xCCD;&#xCAF;&#xCA8;&#xCBF;&#xCB7;&#xCCD;&#xCA0;&#xCC6;, &#xCA4;&#xCCD;&#xCAF;&#xCBE;&#xC97;&#xCB6;&#xCC0;&#xCB2;&#xCA4;&#xCC6;, &#xCAD;&#xC95;&#xCCD;&#xCA4;&#xCBF;&#xCAF;&#xC82;&#xCA4;&#xCB9; &#xC89;&#xCA6;&#xCBE;&#xCA4;&#xCCD;&#xCA4; &#xC97;&#xCC1;&#xCA3;&#xC97;&#xCB3;&#xCC1; &#xCAA;&#xCCD;&#xCB0;&#xCA4;&#xCBF;&#xCAA;&#xCBE;&#xCA6;&#xCBF;&#xCA4;&#xCB5;&#xCBE;&#xC97;&#xCBF;&#xCB5;&#xCC6;. &#xC97;&#xCCB; &#xCAE;&#xCBE;&#xCA4;&#xCC6;&#xCAF; &#xCAE;&#xCBE;&#xCB9;&#xCBE;&#xCA4;&#xCCD;&#xCAE; &#xC87;&#xCA6;&#xCB0;&#xCB2;&#xCCD;&#xCB2;&#xCBF;&#xCA6;&#xCC6;. &#xC87;&#xCA6;&#xCC7; &#xC95;&#xCA1;&#xCC6; &#xCAC;&#xCC7;&#xCB0;&#xCC6; &#xCAC;&#xCC7;&#xCB0;&#xCC6; &#xCB0;&#xCC2;&#xCAA;&#xCA6;&#xCB2;&#xCCD;&#xCB2;&#xCBF; &#xC95;&#xCA3;&#xCBF; &#xCB9;&#xCBE;&#xCA1;&#xCC1;, &#xC95;&#xCCC;&#xCB2;&#xCC6; &#xCB9;&#xCBE;&#xCA1;&#xCC1;&#xC97;&#xCB3;&#xCBE;&#xC97;&#xCBF; &#xC9C;&#xCA8;&#xCAA;&#xCA6; &#xC97;&#xCC0;&#xCA4;&#xCC6;&#xC97;&#xCB3;&#xCB2;&#xCCD;&#xCB2;&#xCBF;&#xCAF; &#xC92;&#xC82;&#xCA6;&#xCBF;&#xCB5;&#xCC6;, &#xCB8;&#xC82;&#xCB8;&#xCCD;&#xC95;&#xCC3;&#xCA4; &#xCB8;&#xCBE;&#xCB9;&#xCBF;&#xCA4;&#xCCD;&#xCAF;&#xCA6;&#xCB2;&#xCCD;&#xCB2;&#xCBF; &#xCAE;&#xCB9;&#xCBE;&#xCAD;&#xCBE;&#xCB0;&#xCA4; &#xCAA;&#xCA6;&#xCCD;&#xCAE; &#xCB0;&#xCBE;&#xCA3;&#xC97;&#xCB3;&#xCB2;&#xCCD;&#xCB2;&#xCBF; &#xCAA;&#xCC1;&#xCA3;&#xCCD;&#xCAF; &#xCB8;&#xCB0;&#xCBF;&#xCA4;&#xCB5;&#xCBE;&#xC97;&#xCBF; &#xC97;&#xCCB;&#xCA8;&#xCBF;&#xCA8; &#xC95;&#xCB0;&#xCB0;&#xCC1;.&#xCA6;&#xCC6;. &#xC85;&#xCB2;&#xCCD;&#xCB2;&#xCBF; &#xC97;&#xCCB; &#xCB8;&#xCCD;&#xCB5;&#xCBE;&#xCB8;&#xCCD;&#xCA5;&#xCCD;&#xCAF; &#xCB8;&#xC82;&#xCB5;&#xCBE;&#xCA6; &#xCB9;&#xCBF;&#xCB0;&#xCC1;&#xCA4;&#xCCD;&#xCA4;&#xCA6;&#xCC6;. &#xC95;&#xCA8;&#xCCD;&#xCA8;&#xCA1;&#xCA6; &#xC88; &#xC97;&#xCCB;&#xCB5;&#xCBF;&#xCA8; &#xC95;&#xCA4;&#xCC6; &#xCB9;&#xCBE;&#xCA1;&#xCA8;&#xCCD;&#xCA8;&#xCC1; &#xC87;&#xCB2;&#xCCD;&#xCB2;&#xCBF; &#xCB8;&#xCC2;&#xC95;&#xCCD;&#xCB7;&#xCB5;&#xCBE;&#xC97;&#xCBF; &#xCB8;&#xC82;&#xCAA;&#xCBE;&#xCA6;&#xCBF;&#xCB8;&#xCBF; &#xC95;&#xCCA;&#xCA1;&#xCB2;&#xCBE;&#xC97;&#xCBF;&#xCA6;&#xCC6;.</subfield>
  </datafield>
  <datafield tag="690" ind1=" " ind2=" ">
    <subfield code="a">Kannada Poetry</subfield>
    <subfield code="9">214130</subfield>
  </datafield>
  <datafield tag="906" ind1=" " ind2=" ">
    <subfield code="a">040541</subfield>
  </datafield>
  <datafield tag="942" ind1=" " ind2=" ">
    <subfield code="2">ddc</subfield>
    <subfield code="c">BK</subfield>
  </datafield>
  <datafield tag="999" ind1=" " ind2=" ">
    <subfield code="c">90200</subfield>
    <subfield code="d">90200</subfield>
  </datafield>
  <datafield tag="952" ind1=" " ind2=" ">
    <subfield code="0">0</subfield>
    <subfield code="1">0</subfield>
    <subfield code="2">ddc</subfield>
    <subfield code="4">0</subfield>
    <subfield code="7">0</subfield>
    <subfield code="8">KAN</subfield>
    <subfield code="a">AL</subfield>
    <subfield code="b">AL</subfield>
    <subfield code="c">Kannada Literature</subfield>
    <subfield code="d">2021-02-17</subfield>
    <subfield code="g">3.00</subfield>
    <subfield code="l">0</subfield>
    <subfield code="o">K894.1 KESG</subfield>
    <subfield code="p">040541</subfield>
    <subfield code="r">2021-02-17 00:00:00</subfield>
    <subfield code="w">2021-02-17</subfield>
    <subfield code="y">BK</subfield>
  </datafield>
  <datafield tag="952" ind1=" " ind2=" ">
    <subfield code="0">0</subfield>
    <subfield code="1">0</subfield>
    <subfield code="2">ddc</subfield>
    <subfield code="4">0</subfield>
    <subfield code="7">0</subfield>
    <subfield code="8">KAN</subfield>
    <subfield code="a">AL</subfield>
    <subfield code="b">AL</subfield>
    <subfield code="c">Kannada Literature</subfield>
    <subfield code="d">2021-02-17</subfield>
    <subfield code="g">3.00</subfield>
    <subfield code="l">0</subfield>
    <subfield code="o">K894.1 KESG</subfield>
    <subfield code="p">040540</subfield>
    <subfield code="r">2021-02-17 00:00:00</subfield>
    <subfield code="w">2021-02-17</subfield>
    <subfield code="y">BK</subfield>
  </datafield>
</record>
